Trabajo y subjetividad: entre lo existente y lo necesario

Gorde:
Xehetasun bibliografikoak
Egile Nagusiak: Schvarstein, Leonardo (Egilea), Leopold, Luis (Egilea)
Formatua: Liburua
Hizkuntza:gaztelania
Argitaratua: Buenos Aires Paidós 2005
Edizioa:1a. ed
Saila:Tramas Sociales, 33
Gaiak:
Etiketak: Etiketa erantsi
Etiketarik gabe, Izan zaitez lehena erregistro honi etiketa jartzen!

MARC

LEADER 00000cam a2200000 a 4500
001 UCK6704
003 CL-VaPUC
008 051014e20050000AG |||||||||||||||||spa|d
020 |a 9501245330 
082 0 4 |a 158.7  |b SCH  |2 21 
100 0 |a Schvarstein, Leonardo  |e author  |9 496139 
700 0 |a Leopold, Luis  |e author  |9 496140 
245 1 0 |a Trabajo y subjetividad: entre lo existente y lo necesario 
250 |a 1a. ed 
300 |a 295 p 
942 |c BK 
945 |d 20051014 00:00:00  |a cmena 
260 |a Buenos Aires  |b Paidós  |c 2005 
650 0 |a Psicología industrial  |9 271739 
650 0 |a Relaciones interpersonales  |9 307056 
650 0 |a Vida familiar  |9 308049 
650 0 |a Administración de empresas   |9 260833 
583 |a last modification  |c 20120910 01:21:54  |k Rodrigo Vera 
490 0 |a Tramas Sociales, 33 
999 |c 314896  |d 314894 
952 |0 0  |1 0  |4 0  |6 158_700000000000000_SCH_2005  |7 0  |8 A  |9 387683  |a BIBGIM  |b BIBGIM  |d 2019-11-22  |i 4173341  |o 158.7 SCH 2005  |p 4173341  |r 2025-01-15  |w 2019-11-22  |y BK  |k SSL 
952 |0 0  |1 0  |4 0  |6 158_700000000000000_SCH_2005  |7 0  |8 A  |9 387684  |a BIBEDU  |b BIBEDU  |d 2019-11-22  |i 4214331  |o 158.7 SCH 2005  |p 4214331  |r 2019-11-22  |w 2019-11-22  |y BK  |k PSI 
952 |0 0  |1 0  |4 0  |6 158_700000000000000_SCH_2005  |7 0  |8 A  |9 387685  |a BIBGIM  |b BIBGIM  |d 2019-11-22  |i 4362810  |o 158.7 SCH 2005  |p 4362810  |r 2025-01-15  |w 2019-11-22  |y BK  |k SSL 
952 |0 0  |1 0  |4 0  |6 158_700000000000000_SCH_2005  |7 0  |8 A  |9 387686  |a BIBGIM  |b BIBGIM  |d 2019-11-22  |i 490480K  |o 158.7 SCH 2005  |p 490480K  |r 2025-01-15  |w 2019-11-22  |y BK  |k SSL